International financial reporting standards as issued at 1 january 2012 : this edition published in two parts

Enregistré dans:
Détails bibliographiques
Format: Livre
Langue:anglais
Publié: London International Accounting Standards Board 2012
Sujets:
Tags: Ajouter un tag
Pas de tags, Soyez le premier à ajouter un tag!

MARC

LEADER 00000nam a2200000 4500
001 0161331
005 20240315121733.9
020 |a 978-1-907877-47-6 
020 |a 978-1-907877-45-2 
041 0 |a eng 
044 |a GB 
245 1 0 |a International financial reporting standards  |b as issued at 1 january 2012 : this edition published in two parts 
264 1 |a London  |b International Accounting Standards Board  |c 2012 
300 |a vii, B2218 
610 2 0 |a IFRS 
610 2 0 |a štandardy účtovné medzinárodné